000 00473nam a22001817a 4500
003 CEME
005 20210628204037.0
008 210107b xxu||||| |||| 00| 0 eng d
020 _a9788184872088
040 _cceme
082 _a006.312 MOU
100 _aMourya, S.K, Gupta, Shalu
_968405
245 _aData mining and data warehousing
260 _aNEW DELHI
_bNAROSA
_c2013
300 _aXIII, P
650 _aDATA MINING.DATA WAREHOUSING
_968406
942 _cBK
_2ddc
999 _c575994
_d575994